000 00960cam a22003017a 4500
003 CHAP
005 20220329140030.0
008 971013s1995 us a r 00010 eng d
010 _a45930
011 _a46902
035 _a51043
040 _cCHAP
082 _a540
_bS58 1995
100 0 0 _aSnyder, Carl H.
_9107242
245 1 4 _aThe extraordinary chemistry of ordinary things
_c/by Carl H. Snyder
250 _a2 ed.
260 _aNew York :
_bWiley,
_c1995
300 _a112 p. :
_bilus.
590 _aBATCH-UPD
_b10
_c20130110
_lUCH01
_h1510
590 _aBATCH-UPD
_b10
_c20130410
_lUCH01
_h0927
590 _aBATCH-UPD
_b10
_c20130914
_lUCH01
_h1949
590 _aCONVERSION
_b10
_c20130109
_lUCH01
_h1325
650 1 4 _aQuĂ­mica.
_993552
901 _aBK
942 _cLIBRO
949 _a540 S58 1995
_bBC
_cLIBRO
_d33724000010278
_eLIBRO
_gI.179864
_h89533
_i51043
_si
_t161.00
949 _a540 S58 1995
_bBC
_cLIBRO
_d33724002164545
_eLIBRO
_fc.2
_h112217
_i51043
_sb
999 _c45930
_d45930